000
00286nam a22001337a 4500
008
170522b xxu||||| |||| 00| 0 eng d
020
_a
000010154861
041
_a
eng
080
_a
94(7/8)
100
_a
16
101
_a
SHH
245
_a
JAMESTOWN
_c
MCCARTNEY,M.W
942
_2
udc
_c
BK
999
_c
13710
_d
13710